Catàleg del Col·legi de Periodistes de Catalunya

Quan volien silenciar-me (Registre núm. 6915)

000 -CABECERA
Longitud fija campo de control 00608nam a22002057a 4500
003 - IDENTIFICADOR DEL NÚMERO DE CONTROL
Identificador del número de control OSt
005 - FECHA Y HORA DE LA ÚLTIMA TRANSACCIÓN
Fecha y hora de la última transacción 20170328111542.0
008 - CÓDIGOS DE INFORMACIÓN DE LONGITUD FIJA
Códigos de información de longitud fija 160315s2016 spc ||||||||| 001 0acat|d
020 ## - NÚMERO INTERNACIONAL NORMALIZADO PARA LIBROS
Número Internacional Normalizado para Libros (ISBN) 9788499757100
040 ## - FUENTE DE LA CATALOGACIÓN
Lengua de catalogación cat
Centro transcriptor CDMR
100 1# - PUNTO DE ACCESO PRINCIPAL-NOMBRE DE PERSONA
Nombre de persona Espina, Wifredo
Fechas asociadas al nombre 1930-
9 (RLIN) 305
245 10 - MENCIÓN DE TÍTULO
Título Quan volien silenciar-me
Resto del título : memòries d'un periodista inconformista
Mención de responsabilidad, etc. Wifredo Espina
260 ## - PUBLICACIÓN, DISTRIBUCIÓN, ETC. (PIE DE IMPRENTA)
Lugar de publicación, distribución, etc. Lleida
Nombre del editor, distribuidor, etc. Pagès
Fecha de publicación, distribución, etc. 2016
300 ## - DESCRIPCIÓN FÍSICA
Extensión 304 p. ;
Dimensiones 24 cm
500 ## - NOTA GENERAL
Nota general dedicatòria de l'autor
504 ## - NOTA DE BIBLIOGRAFÍA, ETC
Nota de bibliografía, etc. Índex
600 14 - PUNTO DE ACCESO ADICIONAL DE MATERIA - NOMBRE DE PERSONA
Nombre de persona Espina, Wifredo
Fechas asociadas al nombre 1930-
9 (RLIN) 305
650 #0 - PUNTO DE ACCESO ADICIONAL DE MATERIA - TÉRMINO DE MATERIA
Término de materia o nombre geográfico como elemento inicial Periodistes catalans
Subdivisión de materia general Biografia
9 (RLIN) 3139
942 ## - ENTRADA DE ELEMENTOS AGREGADOS (KOHA)
Koha [por defecto] tipo de item Monografies
Fuente de clasificaión o esquema
Fons
Suprimido Perdido Estropeado No para préstamo Localización permanente Localización actual Fecha adquisición Fuente de adquisición Coste, precio normal de compra Préstamos totales Renovaciones totales Signatura completa Código de barras Fecha última consulta Fecha último préstamo Coste, precio reemplazado Fecha del precio de reemplazo Tipo de item de Koha
        Centre de Documentació Montserrat Roig Centre de Documentació Montserrat Roig 2016-03-15 Donació 17.10 7 5 Du 1/114 CDMR16030002 2017-06-01 2017-05-19 17.10 2016-03-15 Monografies

Implantat amb Koha